Pohovory

Bibliographic Details
Main Author: Hupková, Zuzana (Author)
Format: Article
Language:Slovak
PhysicalDescription:Literárna príloha Smeny, 1983, č. 35, s. 2.
Subjects:

MARC

LEADER 00000nab a2200000 a 4500
001 vtls000147803
003 SK-MaSNL
005 20260302205855.0
008 111104c1983 xo 0 slo
015 |a SNBRB19rr/mm-uuuuu 
035 |a CL0157910 
040 |a SNKBUCL  |b slo  |c SNKBUCL  |e AACR2 
041 0 |a slo 
044 |a xo  |c SK 
080 |a 885.4-3  |2 1981 
100 1 |a Hupková, Zuzana  |4 aut  |9 932227 
245 1 0 |a Pohovory  |c Zuzana Hupková 
300 |b Literárna príloha Smeny, 1983, č. 35, s. 2. 
650 0 7 |a poviedky psychologické  |2 snkbucl  |9 893883 
655 7 |a články z novín a časopisov  |2 snkbucl  |9 267496 
655 7 |a články z odboru literárna veda a krásna literatúra  |2 snkbucl  |9 770045 
773 0 |t Smena  |g Roč. 36, č. 72 (26. 3. 1983) 
850 |a Slovenská národná knižnica v Martine  |a MTA001 
852 |a SNK  |b KIS3GCP 
958 |a RK 
958 |a LX 
992 |a RBX 
999 |c 1479909  |d 1481839